Normal view
MARC view
Entry Personal Name
001 - CONTROL NUMBER
- control field: 14872
003 - CONTROL NUMBER IDENTIFIER
- control field: OSt
005 - DATE AND TIME OF LATEST TRANSACTION
- control field: 20210920131818.0
008 - FIXED-LENGTH DATA ELEMENTS
- fixed length control field: 210920|| aca||aabn | a|a d
040 ## - CATALOGING SOURCE
- Original cataloging agency: OSt
- Transcribing agency: OSt
100 ## - HEADING--PERSONAL NAME
- Personal name: Melissinos, Adrian C.
- Fuller form of name: (Adrian Constantin),
- Dates associated with a name: 1929-
670 ## - SOURCE DATA FOUND
- Source citation: Work cat.: (OSt)0: Melissinos, Adrian C. (Adrian Constantin), 1929-, Principles of modern technology , 1990.
